<?xml version="1.0" encoding="utf-8"?>
<?xml-stylesheet type='text/xsl' href='./oai2.xsl'?>
<OAI-PMH xmlns="http://www.openarchives.org/OAI/2.0/" xmlns:xsi="http://www.w3.org/2001/XMLSchema-instance" xsi:schemaLocation="http://www.openarchives.org/OAI/2.0/ http://www.openarchives.org/OAI/2.0/OAI-PMH.xsd">
  <responseDate>2026-04-29T19:41:25Z</responseDate>
  <request verb="GetRecord" metadataPrefix="marcxml" identifier="record_kuniweb_159811">https://kulturerbe.niedersachsen.de/oai</request>
  <GetRecord>
    <record>
      <header>
        <identifier>record_kuniweb_159811</identifier>
        <datestamp>2025-08-28T09:38:22Z</datestamp>
        <setSpec>slg0137</setSpec>
      </header>
      <metadata>
        <marc:record xmlns:marc="http://www.loc.gov/MARC21/slim" xsi:schemaLocation="http://www.loc.gov/MARC21/slim http://www.loc.gov/standards/marcxml/schema/MARC21slim.xsd">
          <marc:leader>12345nkm  22     uu 4500</marc:leader>
          <marc:controlfield tag="001">159811</marc:controlfield>
          <marc:controlfield tag="003">http://kuniweb.gbv.de</marc:controlfield>
          <marc:controlfield tag="005">2018-11-01T12:40:23</marc:controlfield>
          <marc:controlfield tag="008">|           ||||||||||||||||||||||</marc:controlfield>
          <marc:datafield tag="245" ind1="1" ind2="0">
            <marc:subfield code="a">Support-Drehbank von 7" (Zoll) Spitzenhöhe, um 1870</marc:subfield>
          </marc:datafield>
          <marc:datafield tag="655" ind1=" " ind2="7">
            <marc:subfield code="a">Grafik</marc:subfield>
          </marc:datafield>
          <marc:datafield tag="046" ind1=" " ind2=" ">
            <marc:subfield code="k">1870</marc:subfield>
            <marc:subfield code="k">um 1870</marc:subfield>
          </marc:datafield>
          <marc:datafield tag="260" ind1=" " ind2=" ">
            <marc:subfield code="g">1870</marc:subfield>
            <marc:subfield code="g">um 1870</marc:subfield>
          </marc:datafield>
          <marc:datafield tag="520" ind1=" " ind2=" ">
            <marc:subfield code="a">Zeichnung - schwarz-weiß
Herstellungort - Königshütte, (Bad) Lauterberg

Auftraggeber und Standort – keine Angaben	
                                          → vermutlich Modellzeichnung

Information:
Support bezeichnet den Werkzeugschlitten (Drehmaschine) oder Fräskopf (Fräsmaschine) bei Werkzeugmaschinen

Information zur Maßeinheit:
Maße in rheinländischen Fuß, 1 Fuß entspricht 3 Zoll (so steht es auf der Zeichnung)
Der Rheinländische Fuß, auch mit Rheinischer Fuß oder Preußischer Fuß bezeichnet, war ein deutsches Längenmaß. Der Fuß war duodezimal geteilt, das heißt, er hatte 12 Zoll zu 12 Linien. Viele historische Längenmaße wurden mit dem Rheinländischen Fuß verglichen. Die Bezeichnung Rheinischer Fuß wurde auch als Münzfußmaß verwendet. Nicht überall war das Maß gleich groß. Die Rheinländische Rute wurde auch mit 11 Fuß plus 7 Zoll plus 1 14/25 Linien gerechnet, was eine Fußlänge von 313,7502 Millimeter ergab.

    1 Rheinländischer Fuß = 139,13 Pariser Linien = 313,8535 Millimeter
aus:
Rheinländischer Fuß – Wikipedia
https://de.wikipedia.org/wiki/Rheinländischer_Fuß

sInformation
 (Förderkreis Königshütte Bad Lauterberg e.V.)

Maßstab: 0 zu 0

Literatur in Zusammenhang:
1. Rheinländischer Fuß – Wikipedia -&gt; https://de.wikipedia.org/wiki/Rheinländischer_Fuß 2. Metrisches Einheitensystem – Wikipedia https://de.wikipedia.org/wiki/Metrisches_Einheitensystem</marc:subfield>
          </marc:datafield>
          <marc:datafield tag="650" ind1="1" ind2=" ">
            <marc:subfield code="a">Metallhandwerk</marc:subfield>
          </marc:datafield>
          <marc:datafield tag="650" ind1="1" ind2=" ">
            <marc:subfield code="a">Grafik, Fotografie &gt; Zeichnung</marc:subfield>
          </marc:datafield>
          <marc:datafield tag="650" ind1="1" ind2=" ">
            <marc:subfield code="a">Handwerk</marc:subfield>
          </marc:datafield>
          <marc:datafield tag="773" ind1="0" ind2=" ">
            <marc:subfield code="t">Maschinen</marc:subfield>
          </marc:datafield>
          <marc:datafield tag="852" ind1=" " ind2=" ">
            <marc:subfield code="a">Industriedenkmal Königshütte Bad Lauterberg im Harz</marc:subfield>
          </marc:datafield>
          <marc:datafield tag="" ind1=" " ind2=" ">
            <marc:subfield code="a">Namensnennung - Nicht kommerziell - Keine Bearbeitungen 4.0 International (CC BY-NC-ND 4.0)</marc:subfield>
          </marc:datafield>
        </marc:record>
      </metadata>
    </record>
  </GetRecord>
</OAI-PMH>
